000 00854nam a2200253Ia 4500
003 OSt
005 20221005113040.0
006 a|||||r|||| 00| 0
007 ta
008 221004b |||||||| |||| 00| 0 pan d
020 _a8187654023 (hbk)
_cINR 440.00
024 _a33292
037 _b790, 27/02/2017, H.K. Prakashan
_cTextual
040 _aCRL
_cCRL
_bpan
041 _2pan
_apan
082 _aO153,6x, Q6
100 _aਤਰਲੋਚਨ ਸਿੰਘ, ਂਚ.
245 0 _aਅਭੁੱਲ ਯਾਦਾਂ
260 _aਦਿੱਲੀ
_bਮਨਪ੍ਰੀਤ ਪਕਾFਨ ਭਾਰਤ
_c2016
300 _a203ਪ੍ਰ0
_ccm.
650 _aਪੰਜਾਬੀ ਨਿਬੰਧ
942 _hO153,6x, Q6
_cTEXL
_2cc
999 _c1026884
_d1026884